|
|
|
|
| LEADER |
00000nab a2200000 ar4500 |
| 001 |
vtls009008170 |
| 003 |
SK-MaSNL |
| 005 |
20260303065510.0 |
| 008 |
070721c1976 xo mr|||||||||000 b|slo |
| 015 |
|
|
|a SNKBUCL2007/07
|2 snkbucl
|
| 038 |
|
|
|a SNKBUCL
|
| 040 |
|
|
|a SNKBUCL
|b slo
|c SNKBUCL
|e AACR2
|
| 041 |
0 |
|
|a slo
|
| 044 |
|
|
|a xo
|c SK
|
| 080 |
|
|
|a 796.966
|2 2001
|
| 245 |
0 |
0 |
|a Fíni by nastúpili kompletne?
|b (čo myslíte, kto chodí najradšej na antidopingovú kontrolu?
|
| 300 |
|
|
|b Obr.
|
| 650 |
0 |
7 |
|a ľadový hokej
|2 snkbucl
|9 3231
|
| 650 |
0 |
7 |
|a hokejisti
|2 snkbucl
|9 3233
|
| 650 |
0 |
7 |
|a antidopingové kontroly
|2 snkbucl
|9 1065634
|
| 773 |
0 |
|
|t Tip
|g Roč. 8, č. 17 (1976), s. 18
|
| 852 |
|
|
|a SNK
|b KIS3GCP
|
| 999 |
|
|
|c 1751425
|d 1753355
|